[Event "Las Americas op U2400 Hybrid"]
[Site "Internet"]
[Date "2022.06.04"]
[Round "3.5"]
[White "Lopez Raygoza, Luis Alberto"]
[Black "Flores Guerrero, Jesus Aldair"]
[Result "1/2-1/2"]
[WhiteElo "2196"]
[BlackElo "2169"]
[PlyCount "121"]
[EventDate "2022.06.04"]
[EventType "swiss"]
[EventRounds "6"]
[EventCountry "VEN"]
[SourceTitle "EXT 2024"]
[Source "ChessBase"]
[SourceDate "2023.10.10"]
[SourceVersion "1"]
[SourceVersionDate "2023.10.10"]
[SourceQuality "1"]

1. e4 d5 2. exd5 Qxd5 3. Nc3 Qa5 4. d4 Nf6 5. Nf3 Bf5 6. Ne5 c6 7. Bc4 e6 8. 0-0 Nbd7 9. Re1 Be7 10. g4 Bg6 11. h4 0-0-0 12. Bf4 Nxe5 13. Bxe5 h6 14. Qf3 h5 15. g5 Ng4 16. Bd3 Bxd3 17. cxd3 f6 18. gxf6 gxf6 19. Bg3 Bd6 20. Rxe6 Bxg3 21. fxg3 Rxd4 22. Ne2 Rd5 23. d4 Qd2 24. Qc3 Qxc3 25. bxc3 Kd7 26. Nf4 Ra5 27. Re2 Re8 28. Rxe8 Kxe8 29. Re1+ Kf7 30. Re2 Ra3 31. Rc2 Ne3 32. Rb2 b5 33. Nxh5 Rxc3 34. Rf2 Nd5 35. g4 Kg6 36. Kh2 a5 37. Ng3 Rd3 38. Nf5 b4 39. Rc2 Rc3 40. Re2 a4 41. h5+ Kg5 42. h6 Kg6 43. Re8 Kh7 44. Ra8 b3 45. Ra7+ Kh8 46. axb3 axb3 47. Rb7 Nf4 48. Kg1 Rh3 49. Nd6 Ne6 50. Kg2 Nf4+ 51. Kg1 Ne6 52. Rb8+ Kh7 53. Nf5 Kg6 54. Ne7+ Kg5 55. Nxc6 Kxg4 56. d5 Nc5 57. Nd4 Rxh6 58. Nxb3 Nxb3 59. Rxb3 f5 60. Rd3 Rd6 61. Kf2 1/2-1/2

[Event "Mexican op 67th"]
[Site "Chihuahua City"]
[Date "2022.04.16"]
[Round "7"]
[White "Flores Guerrero, Jesus Aldair"]
[Black "Maass Garza, Gustavo"]
[Result "0-1"]
[WhiteElo "2202"]
[BlackElo "2265"]
[PlyCount "78"]
[EventDate "2022.04.12"]
[EventType "swiss"]
[EventRounds "9"]
[EventCountry "MEX"]
[SourceTitle "CBM 207 Extra"]
[Source "ChessBase"]
[SourceDate "2022.05.31"]
[SourceVersion "1"]
[SourceVersionDate "2022.05.31"]
[SourceQuality "1"]

1. f4 d5 2. Nf3 Nf6 3. e3 c5 4. d4 e6 5. c3 Nc6 6. Bd3 Bd6 7. 0-0 cxd4 8. exd4 0-0 9. Qe2 Qb6 10. Kh1 Re8 11. Ne5 Ne7 12. Nd2 g6 13. Rf3 h5 14. Nf1 Kg7 15. g3 Nf5 16. h3 Rh8 17. Kg2 Bd7 18. Rf2 Bc6 19. g4 hxg4 20. hxg4 Nh4+ 21. Kg1 Ne4 22. Rh2 Rh7 23. Nf3 Rah8 24. Nxh4 Rxh4 25. Be3 Rxh2 26. Nxh2 Qd8 27. Bxe4 dxe4 28. g5 Rh3 29. Rf1 Qh8 30. d5 Rg3+ 31. Kh1 Bxd5 32. c4 Bc6 33. b4 Qh3 34. b5 Rxe3 35. Qb2+ Kg8 36. bxc6 bxc6 37. c5 Bxf4 38. Rxf4 Re1+ 39. Rf1 Rxf1# 0-1

[Event "Mexican op 67th"]
[Site "Chihuahua City"]
[Date "2022.04.14"]
[Round "4"]
[White "Flores Guerrero, Jesus Aldair"]
[Black "Garduno Huerta, Joshua Emiliano"]
[Result "1-0"]
[WhiteElo "2202"]
[BlackElo "1605"]
[PlyCount "153"]
[EventDate "2022.04.12"]
[EventType "swiss"]
[EventRounds "9"]
[EventCountry "MEX"]
[SourceTitle "CBM 207 Extra"]
[Source "ChessBase"]
[SourceDate "2022.05.31"]
[SourceVersion "1"]
[SourceVersionDate "2022.05.31"]
[SourceQuality "1"]

1. f4 d5 2. Nf3 Nf6 3. e3 Bf5 4. d4 e6 5. Bd3 Bg6 6. 0-0 c5 7. c3 Be7 8. Ne5 Bxd3 9. Qxd3 Ne4 10. Qb5+ Nc6 11. Nxc6 Qd7 12. Nxa7 Rxa7 13. Qxd7+ Kxd7 14. Nd2 Nxd2 15. Bxd2 b5 16. a3 Rha8 17. dxc5 Bxc5 18. g4 f5 19. gxf5 exf5 20. Kf2 Re8 21. Ke2 Kc6 22. Kd3 Kd6 23. Rf3 Ke6 24. Rg1 Kd6 25. h4 Ke6 26. Rfg3 Rg8 27. Rg5 Rf7 28. Be1 Be7 29. R5g2 Bc5 30. Rg3 Be7 31. R3g2 Bc5 32. Ke2 Be7 33. Bf2 Bd6 34. Kd2 Be7 35. Kc2 Bf6 36. Rh2 Rc8 37. h5 Kd6 38. Bh4 Bxh4 39. Rxh4 Re8 40. Rh3 Rfe7 41. Rhg3 Rg8 42. Rg5 Rf7 43. Kb3 Kc5 44. Rd1 Re8 45. Rd3 Re6 46. Rg1 Rh6 47. Rg5 Re6 48. Kc2 Ra6 49. Rd4 Ra8 50. e4 fxe4 51. Rdxd5+ Kc6 52. Rc5+ Kd6 53. Rcf5 Raf8 54. Rxf7 Rxf7 55. Kd2 Rxf4 56. Ke3 Rh4 57. Rxb5 Kc6 58. a4 Rh3+ 59. Kxe4 Rh4+ 60. Kd3 Rxa4 61. Rg5 Rh4 62. b4 Kb6 63. Kc2 Rh2+ 64. Kb3 Rh1 65. Rxg7 Rxh5 66. c4 Rh1 67. c5+ Kb5 68. Rb7+ Kc6 69. Rb6+ Kc7 70. Kc4 h5 71. Kb5 Rg1 72. Rh6 Rg5 73. Rh7+ Kc8 74. Kb6 Rg4 75. b5 h4 76. c6 Rg8 77. Ra7 1-0

[Event "Mexican op 67th"]
[Site "Chihuahua City"]
[Date "2022.04.14"]
[Round "5"]
[White "Ibarra Chami, Luis Fernando"]
[Black "Flores Guerrero, Jesus Aldair"]
[Result "1-0"]
[WhiteElo "2441"]
[BlackElo "2202"]
[PlyCount "64"]
[EventDate "2022.04.12"]
[EventType "swiss"]
[EventRounds "9"]
[EventCountry "MEX"]
[SourceTitle "CBM 207 Extra"]
[Source "ChessBase"]
[SourceDate "2022.05.31"]
[SourceVersion "1"]
[SourceVersionDate "2022.05.31"]
[SourceQuality "1"]

1. c4 f5 2. Nf3 Nf6 3. g3 b6 4. Bg2 Bb7 5. 0-0 e6 6. d4 Be7 7. d5 Qc8 8. Nc3 0-0 9. a3 a5 10. Nd4 c6 11. Bf4 cxd5 12. cxd5 Nxd5 13. Nxd5 Bxd5 14. Bxd5 exd5 15. Rc1 Nc6 16. Qb3 Qe8 17. Qxd5+ Qf7 18. Qxf7+ Rxf7 19. Nxc6 dxc6 20. Rxc6 Bc5 21. Rd1 Re8 22. e3 h6 23. Rd5 g5 24. Be5 Bf8 25. Rxb6 a4 26. Ra6 Rfe7 27. Bf6 Rc7 28. Rxf5 Rf7 29. g4 Re4 30. h3 Rc7 31. Ra8 Rc1+ 32. Kg2 Rd4 1-0

[Event "Iberoamerican-ch 8th"]
[Site "Mexico City"]
[Date "2022.02.17"]
[Round "7"]
[White "Flores Guerrero, Jesus Aldair"]
[Black "Zacarias Rodriguez, Santiago"]
[Result "0-1"]
[WhiteElo "2251"]
[BlackElo "1896"]
[PlyCount "80"]
[EventDate "2022.02.12"]
[EventType "swiss"]
[EventRounds "9"]
[EventCountry "MEX"]
[SourceTitle "CBM 206 Extra"]
[Source "ChessBase"]
[SourceDate "2022.03.31"]
[SourceVersion "1"]
[SourceVersionDate "2022.03.31"]
[SourceQuality "1"]

1. f4 Nf6 2. Nf3 g6 3. b3 Bg7 4. Bb2 0-0 5. e3 c5 6. Qc1 d5 7. Nc3 Nc6 8. Bb5 Na5 9. Be2 a6 10. 0-0 Nc6 11. Nd1 d4 12. Nf2 Nd5 13. Nd3 Qd6 14. c3 dxc3 15. dxc3 Nf6 16. Rd1 b6 17. c4 Qb8 18. Nf2 Ne8 19. Bxg7 Nxg7 20. Qc3 Qc7 21. a3 a5 22. g4 Re8 23. h3 Bb7 24. g5 Bc8 25. Kg2 Bf5 26. e4 Bc8 27. e5 Ne6 28. Kg3 Ncd4 29. Nxd4 Nxd4 30. Bd3 Bb7 31. Rd2 f6 32. gxf6 exf6 33. Ng4 fxe5 34. Nf6+ Kf7 35. Nxe8 exf4+ 36. Kf2 Rxe8 37. Rg1 Qe7 38. Bxg6+ hxg6 39. Rb2 Qh4+ 40. Kf1 Re3 0-1

[Event "Iberoamerican-ch 8th"]
[Site "Mexico City"]
[Date "2022.02.15"]
[Round "5"]
[White "Flores Guerrero, Jesus Aldair"]
[Black "Ramirez Toledo, Ayleen Maribel"]
[Result "0-1"]
[WhiteElo "2251"]
[BlackElo "1810"]
[PlyCount "86"]
[EventDate "2022.02.12"]
[EventType "swiss"]
[EventRounds "9"]
[EventCountry "MEX"]
[SourceTitle "CBM 206 Extra"]
[Source "ChessBase"]
[SourceDate "2022.03.31"]
[SourceVersion "1"]
[SourceVersionDate "2022.03.31"]
[SourceQuality "1"]

1. f4 Nf6 2. Nf3 g6 3. b3 Bg7 4. Bb2 0-0 5. g3 d6 6. Qc1 c5 7. Bg2 Nc6 8. 0-0 Bd7 9. d3 Qc7 10. e4 Rab8 11. h3 e5 12. fxe5 dxe5 13. g4 Nd4 14. Re1 b5 15. Nbd2 Ne8 16. c3 Ne6 17. Nf1 Nf4 18. Qe3 Qc8 19. d4 cxd4 20. cxd4 Qc2 21. Qd2 Qxd2 22. N1xd2 Nd3 23. Re3 Nxb2 24. dxe5 Rc8 25. Rb1 Rc2 26. Kf2 Nc7 27. Kg3 Ne6 28. Nf1 a5 29. Ne1 Bxe5+ 30. Kh4 Rc3 31. Nf3 Rxe3 32. Nxe3 Bf6+ 33. g5 Nxg5 34. Nxg5 h6 35. Kg3 Bxg5 36. Nc2 Nd3 37. Rd1 Ne5 38. Rd5 Rc8 39. Nd4 Rc3+ 40. Kh2 Bf4+ 41. Kg1 Be3+ 42. Kh2 Bxd4 43. Rxd4 Rd3 0-1

[Event "Iberoamerican-ch 8th"]
[Site "Mexico City"]
[Date "2022.02.13"]
[Round "3"]
[White "Flores Guerrero, Jesus Aldair"]
[Black "Moran Velez, Francisco R"]
[Result "1-0"]
[WhiteElo "2251"]
[BlackElo "1931"]
[PlyCount "61"]
[EventDate "2022.02.12"]
[EventType "swiss"]
[EventRounds "9"]
[EventCountry "MEX"]
[SourceTitle "CBM 206 Extra"]
[Source "ChessBase"]
[SourceDate "2022.03.31"]
[SourceVersion "1"]
[SourceVersionDate "2022.03.31"]
[SourceQuality "1"]

1. f4 d5 2. Nf3 Nf6 3. e3 g6 4. b3 Bg7 5. Bb2 0-0 6. Qc1 c5 7. Nc3 Nc6 8. Bb5 Bd7 9. 0-0 a6 10. Bxc6 Bxc6 11. Ne5 Nd7 12. Nxc6 bxc6 13. Nd1 f5 14. Bxg7 Kxg7 15. Qb2+ Kf7 16. Qc3 Qb6 17. Nf2 Qb4 18. Qd3 e6 19. a3 Qb6 20. Kh1 a5 21. a4 Rfb8 22. e4 c4 23. bxc4 Nc5 24. Qh3 Kg8 25. exf5 exf5 26. g4 fxg4 27. Nxg4 Ra7 28. f5 g5 29. Nh6+ Kf8 30. Qc3 Qb2 31. Qe3 1-0

[Event "Mexican op 62nd"]
[Site "Oaxtepec"]
[Date "2016.03.25"]
[Round "6"]
[White "Flores Guerrero, Jesus Aldair"]
[Black "Alfaro Caracas, William"]
[Result "1/2-1/2"]
[WhiteElo "2332"]
[BlackElo "2169"]
[PlyCount "51"]
[EventDate "2016.03.22"]
[EventType "swiss"]
[EventRounds "9"]
[EventCountry "MEX"]
[SourceTitle "CBM 171 Extra"]
[Source "ChessBase"]
[SourceDate "2016.04.26"]
[SourceVersion "1"]
[SourceVersionDate "2016.04.26"]
[SourceQuality "1"]

1. f4 Nf6 2. Nf3 d5 3. b3 g6 4. Bb2 Bg7 5. e3 0-0 6. Be2 c5 7. 0-0 Nc6 8. Bb5 Bd7 9. d3 Ng4 10. Bxg7 Kxg7 11. Qc1 d4 12. e4 f6 13. Nbd2 Ne3 14. Rf2 Nb4 15. Bxd7 Qxd7 16. Nf1 Nxf1 17. Qxf1 Rae8 18. a3 Nc6 19. Nd2 b5 20. Rf3 e5 21. f5 g5 22. Rh3 Qf7 23. Qe2 Rh8 24. Rh5 h6 25. Kf2 Kf8 26. g3 1/2-1/2

[Event "Cuernavaca Sisniega Memorial"]
[Site "Cuernavaca"]
[Date "2015.11.14"]
[Round "6"]
[White "Hernandez Guerrero, Gilberto Eduardo"]
[Black "Flores Guerrero, Jesus Aldair"]
[Result "1/2-1/2"]
[WhiteElo "2509"]
[BlackElo "2339"]
[PlyCount "66"]
[EventDate "2015.11.11"]
[EventType "swiss"]
[EventRounds "9"]
[EventCountry "MEX"]
[SourceTitle "CBM 169 Extra"]
[Source "ChessBase"]
[SourceDate "2015.12.18"]
[SourceVersion "1"]
[SourceVersionDate "2015.12.18"]
[SourceQuality "1"]

1. e4 c5 2. Nf3 Nc6 3. Bb5 e5 4. 0-0 d6 5. c3 Nf6 6. d4 exd4 7. cxd4 cxd4 8. Nxd4 Bd7 9. Nc3 Be7 10. h3 0-0 11. Be3 a6 12. Ba4 Rc8 13. Re1 b5 14. Bb3 Ne5 15. Qe2 h6 16. Rad1 Qc7 17. f4 Nc4 18. Bxc4 Qxc4 19. e5 Qxe2 20. Ndxe2 Ne8 21. Nd5 Bh4 22. Bf2 Bxf2+ 23. Kxf2 Rc2 24. b4 Kh8 25. Ndc3 Be6 26. exd6 Nf6 27. Rc1 Rd2 28. Red1 Rb2 29. Rb1 Rc2 30. Rdc1 Rd2 31. Rd1 Rc2 32. Rbc1 Rb2 33. Rb1 Rc2 1/2-1/2

[Event "Pan American-ch U18"]
[Site "Cali"]
[Date "2015.07.01"]
[Round "5"]
[White "Fernandez Perez, Jorge Andres"]
[Black "Flores Guerrero, Jesus Aldair"]
[Result "0-1"]
[WhiteElo "2066"]
[BlackElo "2229"]
[PlyCount "58"]
[EventDate "2015.06.28"]
[EventType "swiss"]
[EventRounds "9"]
[EventCountry "COL"]
[SourceTitle "EXT 2016"]
[Source "ChessBase"]
[SourceDate "2015.10.08"]
[SourceVersion "1"]
[SourceVersionDate "2015.10.08"]
[SourceQuality "1"]

1. e4 c5 2. Nc3 Nc6 3. Bb5 Nd4 4. Bc4 d6 5. Nf3 Nf6 6. h3 e6 7. 0-0 Be7 8. Nxd4 cxd4 9. Ne2 Nxe4 10. d3 Nc5 11. Nxd4 0-0 12. Bb3 a5 13. c3 Bd7 14. Bc2 d5 15. Nf3 b5 16. Re1 Bd6 17. d4 Ne4 18. Bxe4 dxe4 19. Rxe4 Bc6 20. Re1 Bd5 21. Ne5 Qc7 22. Qe2 a4 23. Bd2 f6 24. Nd3 Bc4 25. Qe3 Qf7 26. Nb4 Rae8 27. a3 e5 28. Nc6 Rc8 29. dxe5 fxe5 0-1